000 00730nam a2200229Ia 4500
003 OSt
005 20230503154034.0
008 210423s2018 xx 000 0 und d
020 _a978-0-4939-6674-5
040 _cAL
041 _aeng
082 _a502.825
_223
_bGOLS
100 _aGOLDSTEIN (Joseph I);NEWBURY (Dale E);MICHAEL (Joseph R);RITCHIE (Nicholas W M);SCOTT (John Henry J);JOY (David C)
_997292
245 _aScanning electron microscopy and x-ray microanalysis Ed 4
250 _a4
260 _aNew York
_bSpringer Pvt Ltd
_c2018
300 _axxiii,550
_bHB
365 _b9299.07
_cEUR
650 _aSciences
_997293
906 _aelectron ; microanalysis ; microscopy ; Scanning ; x-ray
942 _2ddc
_cBK
999 _c170912
_d170912